[Event "EU-Cup 31st"]
[Site "Skopje"]
[Date "2015.10.23"]
[Round "6.2"]
[White "Pahor, Milos"]
[Black "Schreiner, Peter"]
[Result "0-1"]
[WhiteElo "2068"]
[BlackElo "2432"]
[PlyCount "118"]
[EventDate "2015.10.18"]
[EventType "team-swiss"]
[EventRounds "7"]
[EventCountry "MKD"]
[SourceTitle "CBM 169"]
[Source "ChessBase"]
[SourceDate "2015.11.10"]
[SourceVersion "1"]
[SourceVersionDate "2015.11.10"]
[SourceQuality "1"]
[WhiteTeam "Adare"]
[BlackTeam "Raika Feffernitz"]
[WhiteTeamCountry "IRL"]
[BlackTeamCountry "AUT"]

1. d4 Nf6 2. Nf3 g6 3. Nc3 d5 4. Bf4 Bg7 5. e3 0-0 6. Be2 c5 7. Ne5 Nc6 8. 0-0 cxd4 9. exd4 Bd7 10. Bf3 e6 11. Nxc6 Bxc6 12. Be5 Bh6 13. Re1 Nd7 14. Bd6 Re8 15. Bg3 Qb6 16. Rb1 Rac8 17. Ne2 Qa6 18. a3 Nb6 19. Bf4 Bg7 20. Ng3 Ba4 21. b3 Bd7 22. a4 Na8 23. Be2 Qa5 24. Bd2 Qd8 25. Be3 Qa5 26. Bd2 Qc7 27. c3 a6 28. Rc1 Bc6 29. Be3 Nb6 30. Nf1 Nd7 31. f4 Nf6 32. Nd2 b5 33. axb5 Bxb5 34. Bf3 a5 35. g3 Qd7 36. Bf2 Rc7 37. Nb1 Rec8 38. Qd2 Bf8 39. g4 Ne8 40. Bg3 Nd6 41. h4 Ba6 42. h5 Rb7 43. f5 exf5 44. hxg6 hxg6 45. Bxd5 Rb5 46. Bg2 fxg4 47. Be5 Rxb3 48. Qa2 a4 49. Bd5 Bc4 50. Qh2 Bg7 51. Nd2 g3 52. Bxg3 Rb2 53. Bxd6 Bxd5 54. Bg3 Qg4 55. Kf1 Rxd2 56. Qxd2 Qxg3 57. c4 Qh3+ 58. Kf2 Qg2+ 59. Ke3 Qf3# 0-1

[Event "SLO-chT1 West"]
[Site "Ljubljana"]
[Date "2008.11.23"]
[Round "9.3"]
[White "Pahor, Milos"]
[Black "Plaskan, Jure"]
[Result "0-1"]
[WhiteElo "2098"]
[BlackElo "2131"]
[PlyCount "114"]
[EventDate "2008.11.13"]
[EventType "team-tourn"]
[EventRounds "9"]
[EventCountry "SLO"]
[SourceTitle "EXT 2010"]
[Source "ChessBase"]
[SourceDate "2010.11.25"]
[SourceVersion "1"]
[SourceVersionDate "2010.11.25"]
[SourceQuality "1"]
[WhiteTeam "Nova Gorica"]
[BlackTeam "Domzale"]
[WhiteTeamCountry "SLO"]
[BlackTeamCountry "SLO"]

1. e4 c5 2. Nc3 Nc6 3. g3 g6 4. Bg2 Bg7 5. d3 d6 6. Be3 e6 7. Qd2 Rb8 8. Nge2 Nd4 9. Bxd4 cxd4 10. Nb5 Qb6 11. Qb4 Ke7 12. a3 e5 13. Qc4 Nf6 14. f4 Be6 15. Qc7+ Qxc7 16. Nxc7 Rbc8 17. Nxe6 fxe6 18. c4 Ng4 19. 0-0 b5 20. cxb5 Rc2 21. Bf3 Ne3 22. Rfc1 Rhc8 23. Rxc2 Rxc2 24. b4 Kd7 25. a4 Rb2 26. a5 Nc2 27. b6 axb6 28. Rc1 Nxb4 29. axb6 Nc6 30. b7 Rxb7 31. f5 Rb6 32. Bg4 Nd8 33. Ra1 Rb7 34. h4 Ke7 35. fxe6 Nxe6 36. Bxe6 Kxe6 37. Kg2 Rb3 38. Rd1 Bh6 39. Kf3 Be3 40. g4 Rb8 41. Kg2 d5 42. exd5+ Kxd5 43. Ra1 Rf8 44. Ra5+ Kc6 45. Ng3 Rf2+ 46. Kh1 Bf4 47. Ne4 Rh2+ 48. Kg1 Rxh4 49. g5 Rh3 50. Ra3 Bxg5 51. Kg2 Rh5 52. Kf3 Bf4 53. Ra6+ Kb5 54. Ra7 Rh3+ 55. Ke2 Re3+ 56. Kf2 Rxd3 57. Rxh7 Re3 0-1

[Event "SLO-chT1 West"]
[Site "Ljubljana"]
[Date "2008.11.16"]
[Round "5.4"]
[White "Pahor, Milos"]
[Black "Susnik, Matej"]
[Result "0-1"]
[WhiteElo "2098"]
[BlackElo "2161"]
[PlyCount "130"]
[EventDate "2008.11.13"]
[EventType "team-tourn"]
[EventRounds "9"]
[EventCountry "SLO"]
[SourceTitle "EXT 2010"]
[Source "ChessBase"]
[SourceDate "2010.11.25"]
[SourceVersion "1"]
[SourceVersionDate "2010.11.25"]
[SourceQuality "1"]
[WhiteTeam "Nova Gorica"]
[BlackTeam "Kranj Tomo Zupan"]
[WhiteTeamCountry "SLO"]
[BlackTeamCountry "SLO"]

1. e4 c5 2. Nc3 a6 3. g3 b5 4. Bg2 Bb7 5. d3 e6 6. f4 Qc7 7. Nf3 d6 8. Qe2 Nf6 9. 0-0 Be7 10. h3 0-0 11. g4 Nc6 12. Qf2 b4 13. Ne2 d5 14. g5 Nd7 15. Qh4 dxe4 16. dxe4 Rfe8 17. Ng3 Nd4 18. c3 bxc3 19. bxc3 Nxf3+ 20. Bxf3 c4 21. Bh5 g6 22. Bf3 Nc5 23. Be3 Rad8 24. Bd4 Nd3 25. Bg2 Bc5 26. Ne2 e5 27. fxe5 Nxe5 28. Qf2 Nd3 29. Qf6 Bxd4+ 30. Nxd4 Bxe4 31. Bxe4 Rxe4 32. Qf3 Rde8 33. Qg2 Nf4 34. Qh2 Ne2+ 35. Nxe2 Qxh2+ 36. Kxh2 Rxe2+ 37. Kg3 R8e3+ 38. Rf3 Rxf3+ 39. Kxf3 Rc2 40. h4 Rxc3+ 41. Kf4 Rh3 42. Kg4 Rd3 43. Rc1 Rd4+ 44. Kg3 Kf8 45. Re1 c3 46. Rc1 Rc4 47. Kf2 Rxh4 48. Rxc3 Rh2+ 49. Kg3 Rxa2 50. Kf4 Ra4+ 51. Ke5 Ra5+ 52. Kf4 Rf5+ 53. Kg4 Kg7 54. Rc7 h6 55. gxh6+ Kxh6 56. Ra7 Rf6 57. Ra8 Kg7 58. Ra7 Rb6 59. Kf4 Kf6 60. Kg4 Rb4+ 61. Kf3 Ra4 62. Kg3 g5 63. Rb7 Kg6 64. Rb8 Ra3+ 65. Kg2 f5 0-1

[Event "SLO-ch"]
[Site "Bled"]
[Date "2003.08.07"]
[Round "6"]
[White "Mikac, Matjaz"]
[Black "Pahor, Milos"]
[Result "1-0"]
[WhiteElo "2387"]
[BlackElo "2104"]
[PlyCount "53"]
[EventDate "2003.08.03"]
[EventType "swiss"]
[EventRounds "9"]
[EventCountry "SLO"]
[SourceTitle "CBM 095 Extra"]
[Source "ChessBase"]
[SourceDate "2003.09.04"]
[SourceVersion "1"]
[SourceVersionDate "2003.09.04"]
[SourceQuality "1"]

1. Nf3 Nf6 2. d4 c5 3. d5 e6 4. Nc3 exd5 5. Nxd5 Nxd5 6. Qxd5 Nc6 7. e4 d6 8. Ng5 Qf6 9. Bc4 Be6 10. Nxe6 fxe6 11. Qxe6+ Qxe6 12. Bxe6 Nd4 13. Bb3 c4 14. Be3 cxb3 15. Bxd4 bxc2 16. Kd2 Kd7 17. Rac1 Be7 18. Rxc2 Rhf8 19. Kd3 g5 20. Rhc1 Bd8 21. h3 a5 22. a4 h5 23. Rc3 Rb8 24. Rb3 g4 25. hxg4 hxg4 26. Ba7 Bg5 27. Rc2 1-0

[Event "Portoroz op"]
[Site "Portoroz"]
[Date "2003.04.30"]
[Round "6"]
[White "Jeric, Simon"]
[Black "Pahor, Milos"]
[Result "1-0"]
[WhiteElo "2301"]
[BlackElo "2071"]
[PlyCount "75"]
[EventDate "2003.04.??"]
[EventType "swiss"]
[EventRounds "9"]
[EventCountry "SLO"]
[SourceTitle "EXT 2005"]
[Source "ChessBase"]
[SourceDate "2004.11.15"]
[SourceVersion "1"]
[SourceVersionDate "2004.11.15"]
[SourceQuality "1"]

1. e4 c5 2. c3 Nf6 3. e5 Nd5 4. d4 cxd4 5. Nf3 b6 6. cxd4 e6 7. Nc3 Nxc3 8. bxc3 Qc7 9. Bd2 Bb7 10. Bd3 d6 11. 0-0 dxe5 12. Nxe5 Nc6 13. Re1 Nxe5 14. Rxe5 Bd6 15. Rh5 g6 16. Bb5+ Bc6 17. Qf3 0-0-0 18. Bxc6 gxh5 19. a4 a5 20. Be3 f5 21. Rb1 f4 22. Bd2 e5 23. d5 Rhg8 24. Qd3 Qa7 25. Qf5+ Kb8 26. Rb5 Rdf8 27. Qb1 Kc7 28. Qxh7+ Kb8 29. Qb1 Kc7 30. c4 Bb4 31. Bxb4 axb4 32. Qxb4 Rf7 33. c5 Rb8 34. Qe4 Kc8 35. d6 Rf8 36. Qxe5 f3 37. d7+ Kd8 38. cxb6 1-0

[Event "Portoroz op"]
[Site "Portoroz"]
[Date "2003.04.29"]
[Round "4"]
[White "Veber, Bojan"]
[Black "Pahor, Milos"]
[Result "0-1"]
[WhiteElo "2120"]
[BlackElo "2071"]
[PlyCount "84"]
[EventDate "2003.04.??"]
[EventType "swiss"]
[EventRounds "9"]
[EventCountry "SLO"]
[SourceTitle "EXT 2005"]
[Source "ChessBase"]
[SourceDate "2004.11.15"]
[SourceVersion "1"]
[SourceVersionDate "2004.11.15"]
[SourceQuality "1"]

1. e4 c5 2. Nc3 Nc6 3. g3 g6 4. Bg2 Bg7 5. d3 d6 6. f4 e6 7. Nf3 Nge7 8. 0-0 0-0 9. Be3 Nd4 10. e5 Bd7 11. Ne4 Nef5 12. Bf2 Nxf3+ 13. Bxf3 dxe5 14. Bxc5 exf4 15. Bxf8 Kxf8 16. Qe1 Qb6+ 17. Kh1 fxg3 18. hxg3 Nd4 19. Rf2 Nxf3 20. Rxf3 Qxb2 21. Rb1 Qxa2 22. Rxb7 Qd5 23. Qb1 f5 24. Qb4+ Kg8 25. Rb8+ Rxb8 26. Qxb8+ Kf7 27. Qd8 h6 28. c4 Qc6 29. Kh2 g5 30. Rf2 Kg6 31. Nd2 Bc8 32. Qg8 g4 33. d4 Bb7 34. d5 exd5 35. Re2 Bc8 36. Re7 Qf6 37. Qe8+ Kh7 38. cxd5 Ba6 39. Re6 Qg5 40. Nb3 Bc4 41. Nc5 Qd2+ 42. Kg1 Bxd5 0-1

[Event "Nova Gorica op-B 08th"]
[Site "Nova Gorica"]
[Date "2003.??.??"]
[Round "6"]
[White "Kavcic, Zan"]
[Black "Pahor, Milos"]
[Result "1/2-1/2"]
[WhiteElo "2057"]
[BlackElo "2045"]
[PlyCount "56"]
[EventDate "2003.02.01"]
[EventType "swiss"]
[EventRounds "9"]
[EventCountry "SLO"]
[SourceTitle "EXT 2005"]
[Source "ChessBase"]
[SourceDate "2004.11.15"]
[SourceVersion "1"]
[SourceVersionDate "2004.11.15"]
[SourceQuality "1"]

1. e4 c5 2. Nf3 e6 3. c3 d5 4. exd5 exd5 5. d4 Nc6 6. Bb5 Bd6 7. 0-0 Nf6 8. Nbd2 0-0 9. dxc5 Bxc5 10. Nb3 Be7 11. Bf4 Bg4 12. Be2 Re8 13. Nfd4 Bd7 14. Qd3 Ne4 15. Rad1 a6 16. Bf3 Bg5 17. Bxg5 Qxg5 18. Rfe1 Ne5 19. Qc2 Bf5 20. Qc1 Qg6 21. Qf4 Nxf3+ 22. Nxf3 Bg4 23. Nbd4 Rad8 24. g3 h6 25. Nh4 Qh5 26. f3 Bh3 27. Ng2 Bxg2 28. Kxg2 Nf6 1/2-1/2

[Event "SLO-ch U20"]
[Site "Kranj"]
[Date "1999.??.??"]
[Round "?"]
[White "Sebenik, Matej"]
[Black "Pahor, Milos"]
[Result "1-0"]
[WhiteElo "2154"]
[BlackElo "2093"]
[PlyCount "65"]
[EventDate "1999.??.??"]
[EventType "swiss"]
[EventRounds "9"]
[EventCountry "SLO"]
[SourceTitle "EXT 2000"]
[Source "ChessBase"]
[SourceDate "1999.11.16"]
[SourceVersion "1"]
[SourceVersionDate "1999.11.16"]
[SourceQuality "1"]

1. Nf3 c5 2. c4 Nc6 3. Nc3 g6 4. g3 Bg7 5. Bg2 Nf6 6. d4 cxd4 7. Nxd4 a6 8. 0-0 Qc7 9. Nb3 0-0 10. Bf4 Qd8 11. c5 b5 12. cxb6 Qxb6 13. a4 d6 14. a5 Qc7 15. Rc1 Bb7 16. Na4 Nd7 17. Nbc5 Nxc5 18. Nxc5 Rfc8 19. Nxb7 Qxb7 20. Qd5 e6 21. Qxd6 Bf8 22. Bxc6 Qxb2 23. Bxa8 Bxd6 24. Rxc8+ Kg7 25. Bxd6 Qxe2 26. Bc5 e5 27. Bd5 Qd2 28. Bf8+ Kf6 29. Rc6+ Kg5 30. h4+ Kg4 31. Rc4+ Kf5 32. Be4+ Ke6 33. Rc6+ 1-0

[Event "Ljubljana op 9th"]
[Site "Ljubljana"]
[Date "1998.??.??"]
[Round "6"]
[White "Barle, Janez"]
[Black "Pahor, Milos"]
[Result "1-0"]
[WhiteElo "2415"]
[BlackElo "2115"]
[PlyCount "59"]
[EventDate "1998.06.??"]
[EventType "swiss"]
[EventRounds "9"]
[EventCountry "SLO"]
[SourceTitle "EXT 1999"]
[Source "ChessBase"]
[SourceDate "1998.11.16"]
[SourceVersion "1"]
[SourceVersionDate "1998.11.16"]
[SourceQuality "1"]

1. e4 c5 2. Nf3 Nc6 3. Bb5 e6 4. 0-0 Nge7 5. Re1 d5 6. exd5 Nxd5 7. d4 a6 8. Bxc6+ bxc6 9. Ne5 Qc7 10. c4 Nf6 11. Bf4 Qb6 12. d5 cxd5 13. Qa4+ Bd7 14. Nxd7 Nxd7 15. Nc3 Bd6 16. Nxd5 Qb8 17. Bxd6 Qxd6 18. Rad1 Qb8 19. Nf6+ gxf6 20. Qxd7+ Kf8 21. Rd3 Ra7 22. Qc6 Qc7 23. Qf3 Ke7 24. Red1 Qc8 25. g3 Qa8 26. Qh5 Rc7 27. Qh4 h5 28. Qf4 Qb7 29. Qd6+ Ke8 30. Qd8# 1-0

[Event "SLO-ch U18"]
[Site "Bled"]
[Date "1998.??.??"]
[Round "?"]
[White "Pahor, Milos"]
[Black "Supancic, Robert"]
[Result "1/2-1/2"]
[WhiteElo "1815"]
[BlackElo "1870"]
[PlyCount "92"]
[EventDate "1998.??.??"]
[EventType "tourn"]
[EventRounds "6"]
[EventCountry "SLO"]
[SourceTitle "EXT 2000"]
[Source "ChessBase"]
[SourceDate "1999.11.16"]
[SourceVersion "1"]
[SourceVersionDate "1999.11.16"]
[SourceQuality "1"]

1. e4 c5 2. b3 d5 3. exd5 Qxd5 4. Bb2 Nf6 5. Nf3 Bg4 6. Be2 Nc6 7. 0-0 0-0-0 8. a4 e6 9. d3 h5 10. Nc3 Qf5 11. Qd2 Ne5 12. Nxe5 Qxe5 13. Qe3 Bd6 14. Qxe5 Bxe5 15. f3 Bd4+ 16. Kh1 Bf5 17. Rab1 Nd5 18. Nxd5 Rxd5 19. Bxd4 cxd4 20. f4 Rc5 21. Rfc1 Kd7 22. Kg1 Rhc8 23. Rb2 h4 24. Bf3 b6 25. Be4 Rc3 26. Bxf5 exf5 27. Kf2 Rxd3 28. cxd3 Rxc1 29. Ke2 f6 30. h3 g5 31. fxg5 fxg5 32. Kf2 g4 33. hxg4 fxg4 34. Re2 Rd1 35. Re4 g3+ 36. Ke2 Rg1 37. Rxd4+ Kc6 38. Kf3 Rf1+ 39. Kg4 Rf2 40. Kh3 Rd2 41. Rxh4 Rxd3 42. b4 a5 43. Rc4+ Kd5 44. Rg4 axb4 45. Rxb4 Kc5 46. Rg4 Kc6 1/2-1/2